All Starting Quarterbacks 2022 - Statistics

General Stats
  • This quiz has been taken 25 times
  • The average score is 29 of 32
Answer Stats
Team Quarterback % Correct
Patriots Mac Jones
100%
Buccaneers Tom Brady
100%
Packers Aaron Rodgers
95%
Cowboys Dak Prescott
95%
Giants Daniel Jones
95%
Raiders Derek Carr
95%
Bengals Joe Burrow
95%
Bills Josh Allen
95%
Chargers Justin Herbert
95%
Vikings Kirk Cousins
95%
Cardianls Kyler Murray
95%
Ravens Lamar Jackson
95%
Chiefs Patrick Mahomes
95%
Broncos Russell Wilson
95%
Titans Ryan Tannehill
95%
Dolphins Tua Tagovailoa
95%
Jets Zach Wilson
95%
Eagles Jalen Hurts
91%
Lions Jared Goff
91%
Bears Justin Fields
91%
Rams Matthew Stafford
91%
Colts Matt Ryan
91%
Jaguars Trevor Lawrence
91%
Commanders Carson Wentz
86%
Browns Deshaun Watson
86%
Falcons Marcus Mariota
86%
49ers Trey Lance
86%
Texans Davis Mills
82%
Panthers Baker Mayfield
77%
Saints Jameis Winston
77%
Seahawks Geno Smith
73%
Steelers Mitch Trubisky
73%
No matching quizzes found
Score Distribution
Percent of People with Each Score
Percentile by Number Answered
Your Score History
You have not taken this quiz